The noble scholar, jurist, historian


 His Excellency Dr. Abdul Wahhab bin Ibrahim Abu Sulaiman, may Allah have mercy on him.


 He was born in Umm Al-Qura in the year 1356 AH.

مقاصد الشريعة بين البسط والقبض / (Record no. 6954)

MARC details
000 -LEADER
fixed length control field 01406cam a2200349 i 4500
003 - CONTROL NUMBER IDENTIFIER
control field SA-RiAUC
005 - DATE AND TIME OF LATEST TRANSACTION
control field 20250413071428.0
008 - FIXED-LENGTH DATA ELEMENTS--GENERAL INFORMATION
fixed length control field 250413s2015 ku g b f000r0 ara c
020 ## - INTERNATIONAL STANDARD BOOK NUMBER
International Standard Book Number 9789996654114
040 ## - CATALOGING SOURCE
Original cataloging agency KW-KwMAI
Language of cataloging ara
Description conventions rda
082 04 - DEWEY DECIMAL CLASSIFICATION NUMBER
Classification number 251
Assigning agency SA-RiAUC
090 ## - LOCALLY ASSIGNED LC-TYPE CALL NUMBER (OCLC); LOCAL CALL NUMBER (RLIN)
Classification number (OCLC) (R) ; Classification number, CALL (RLIN) (NR) 251
Local cutter number (OCLC) ; Book number/undivided call number, CALL (RLIN) ب و ل
100 1# - MAIN ENTRY--PERSONAL NAME
Personal name بولوز، محمد
Relator term مؤلف.
245 10 - TITLE STATEMENT
Title مقاصد الشريعة بين البسط والقبض /
Statement of responsibility, etc. محمد بولوز.
250 ## - EDITION STATEMENT
Edition statement الطبعة الأولى.
264 #1 - PRODUCTION, PUBLICATION, DISTRIBUTION, MANUFACTURE, AND COPYRIGHT NOTICE
Place of production, publication, distribution, manufacture الصفاة، الكويت :
Name of producer, publisher, distributor, manufacturer وزارة الأوقاف والشؤون الإسلامية، قطاع الشؤون الثقافية، إدارة الثقافة الإسلامية،
Date of production, publication, distribution, manufacture, or copyright notice 2015
300 ## - PHYSICAL DESCRIPTION
Extent 171 صفحة ؛
Dimensions 24 سم.
336 ## - CONTENT TYPE
Content type term نص
Content type code txt
Source rdacontent
Materials specified كتاب
337 ## - MEDIA TYPE
Media type term بدون وسيط
Media type code n
Source rdamedia
338 ## - CARRIER TYPE
Carrier type term مجلد
Carrier type code nc
Source rdacarrier
490 1# - SERIES STATEMENT
Series statement روافد.
-- مراجعات ؛
Volume/sequential designation 88
500 ## - GENERAL NOTE
General note الإخراج الفني : محمود محمد أبو الفضل.
504 ## - BIBLIOGRAPHY, ETC. NOTE
Bibliography, etc. note يشتمل على إرجاعات ببليوجرافية.
506 0# - RESTRICTIONS ON ACCESS NOTE
Terms governing access يهدى ولا يباع.
520 0# - SUMMARY, ETC.
Summary, etc. مقاصد الشريعة.
650 #7 - SUBJECT ADDED ENTRY--TOPICAL TERM
Topical term or geographic name entry element مقاصد الشريعة
Source of heading or term aucsh
650 #7 - SUBJECT ADDED ENTRY--TOPICAL TERM
Topical term or geographic name entry element الشريعة الإسلامية
Source of heading or term aucsh
830 #0 - SERIES ADDED ENTRY--UNIFORM TITLE
Uniform title روافد.
Name of part/section of a work مراجعات
Volume/sequential designation 88
856 4# - ELECTRONIC LOCATION AND ACCESS
Uniform Resource Identifier <a href="BOOKS/165">BOOKS/165</a>
942 ## - ADDED ENTRY ELEMENTS (KOHA)
Source of classification or shelving scheme Dewey Decimal Classification
Koha item type Books
Suppress in OPAC No
949 ## - LOCAL PROCESSING INFORMATION (OCLC)
a SA-JeALM
d 250413
u mohamedma123
n 1
Holdings
Withdrawn status Lost status Source of classification or shelving scheme Damaged status Not for loan Home library Current library Date acquired Total checkouts Full call number Barcode Date last seen Price effective from Koha item type
    Dewey Decimal Classification     DR AbdElwahab Library DR AbdElwahab Library 04/13/2025   251 ب و ل 000011653 04/13/2025 04/13/2025 Books